000 01035cam a2200313Mi 4500
001 88119
005 20230410103850.0
008 981202s20102001ii a g b 001 0 eng d
020 _a9780007259304
041 _aeng
043 _aa-ii---
050 1 4 _a412 DS 481
_bG195F 2010
049 _aGRAL
100 1 _aFrank, Katherine
245 1 0 _aIndira :
_bthe life of Indira Nehru Gandhi /
_cKatherine, Frank.
246 3 0 _aLife of Indira Nehru Gandhi
260 _aNew Delhi :
_bHarper Collins,
_c2010 c2001
300 _axvii, 567 p., [12] p. of plates :
_bill., maps ;
_c22 cm.
440 0 _aBiography
504 _aIncludes bibliographical references (p. 537-544) and index.
505 0 _aPart.1--- Indira Nehru; Part. 2--- Indira Gandhi; Part.3--- Prime minister Gandhi
600 1 0 _aGandhi, Indira,
_d1917-1984.
650 0 _aPrime ministers
_zIndia
_vBiography.
651 0 _aIndia
_xPolitics and government
_y1947-
600 1 4 _aGandhi, Indira, 1917-1984.
942 _2lcc
_cbk
946 _aPP
994 _aC0
_bDRFGD
999 _c27345
_d27345